States of Austria by Borders - Statistics

General Stats
  • This quiz has been taken 60 times
  • The average score is 8 of 9
Answers on the Map
Answers color-coded by a green-red scale on the quiz's map according to % correct below.
 
Answer Stats
State % Correct
Lower Austria
95%
Tyrol
95%
Vienna
95%
Carinthia
92%
Salzburg
92%
Styria
92%
Upper Austria
92%
Vorarlberg
85%
Burgenland
72%
No matching quizzes found
Score Distribution
Percent of People with Each Score
Percentile by Number Answered
Your Score History
You have not taken this quiz